| 000 | 00939nam a22003011c 4500 | ||
|---|---|---|---|
| 001 | 545545048 | ||
| 008 | 080522s2008 gw |||| 000u eng d | ||
| 020 |
_a1433100592 _91-433-10059-2 |
||
| 041 | _aeng | ||
| 100 | 1 | _aMcKinley, C. Alexander | |
| 245 | 0 | 0 |
_aIllegitimate children of the enlightenment : _banarchists and the French Revolution, 1880 - 1914 / _cC. Alexander McKinley |
| 264 |
_aNew York, NY [u.a.] : _bLang, _c2008 |
||
| 300 | _aXII, 237 S. | ||
| 502 | _aZugl.: Waltham, Mass., Brandeis Univ., Diss., 2006 | ||
| 600 | 0 | _aKropotkin, Petr Alekseevič | |
| 650 | 0 | _aFranzösische Revolution 1789 | |
| 650 | 0 | _aGeschichtsschreibung | |
| 650 | 0 | _aGeschichtspolitik | |
| 650 | 0 | _aAnarchismus | |
| 651 | 0 | _aFrankreich | |
| 651 | 0 | _aRußland | |
| 651 | 0 | _aEuropa | |
| 655 | 0 | _aHochschulschrift | |
| 942 | _cMG | ||
| 040 | _cRU-10907106 | ||
| 003 | RU-10907106 | ||
| 999 |
_c15938 _d15938 |
||
| 490 | 0 |
_aFrancophone Cultures and Literatures _v53 |
|